[Event "USA-ch (Women)"]
[Site "Saint Louis"]
[Date "2009.10.08"]
[Round "5"]
[White "Melekhina, Alisa"]
[Black "Goletiani, Rusudan"]
[Result "1/2-1/2"]
[WhiteElo "2220"]
[BlackElo "2391"]
[PlyCount "91"]
[EventDate "2009.10.04"]
[EventType "tourn"]
[EventRounds "9"]
[EventCountry "USA"]
[EventCategory "2"]
[SourceTitle "CBM 132 Extra"]
[Source "ChessBase"]
[SourceDate "2009.11.03"]
[SourceVersion "1"]
[SourceVersionDate "2009.11.03"]
[SourceQuality "1"]

1. e4 c5 2. Nf3 e6 3. c3 Nf6 4. e5 Nd5 5. d4 cxd4 6. cxd4 d6 7. Nc3 Nxc3 8. bxc3 Bd7 9. Bd3 Bc6 10. Bf4 dxe5 11. Bxe5 Nd7 12. 0-0 Rc8 13. Re1 Qa5 14. Re3 Ba4 15. Bc2 Bxc2 16. Qxc2 Nb6 17. Qb3 Qd5 18. Nd2 f6 19. Bg3 Kf7 20. Rae1 Rc6 21. c4 Qxd4 22. c5 Bxc5 23. Rxe6 Qd5 24. Rxc6 bxc6 25. Rc1 Nd7 26. Ne4 Qxb3 27. axb3 Re8 28. Nxc5 Nxc5 29. f3 Nxb3 30. Rxc6 a5 31. Ra6 Re2 32. Ra7+ Ke6 33. Rxg7 a4 34. Ra7 Ra2 35. Ra6+ Kd5 36. Bd6 Nc1 37. h4 Nd3 38. Bf8 Ne1 39. Rxf6 Nxg2 40. h5 Ne3 41. Rf7 a3 42. Rxh7 Rg2+ 43. Kh1 a2 44. Ra7 Rf2 45. Bg7 Nf5 46. Kg1 1/2-1/2

[Event "WchT (Women) 2nd"]
[Site "Ningbo"]
[Date "2009.09.11"]
[Round "9"]
[White "Karavade, Eesha"]
[Black "Goletiani, Rusudan"]
[Result "1-0"]
[WhiteElo "2391"]
[BlackElo "2391"]
[PlyCount "83"]
[EventDate "2009.09.02"]
[EventType "team-tourn"]
[EventRounds "9"]
[EventCountry "CHN"]
[SourceTitle "CBM 132 Extra"]
[Source "ChessBase"]
[SourceDate "2009.11.03"]
[SourceVersion "1"]
[SourceVersionDate "2009.11.03"]
[SourceQuality "1"]
[WhiteTeam "India (W)"]
[BlackTeam "United States (W)"]
[WhiteTeamCountry "IND"]
[BlackTeamCountry "USA"]

1. d4 Nf6 2. Nf3 e6 3. c4 c5 4. d5 exd5 5. cxd5 d6 6. Nc3 g6 7. h3 Bg7 8. e4 0-0 9. Bd3 a6 10. a4 Qe7 11. 0-0 Nbd7 12. Bf4 Ne8 13. Re1 b6 14. Qd2 Rb8 15. Rab1 Nc7 16. b4 Bb7 17. bxc5 bxc5 18. Bc4 Rfe8 19. Rb3 f6 20. Qd3 Bc8 21. Rxb8 Nxb8 22. e5 fxe5 23. Bxe5 Bf5 24. Qd2 Bxe5 25. Rxe5 Qf8 26. Rxe8 Qxe8 27. g4 Bc8 28. Qf4 Qf8 29. Qg3 Nd7 30. Ne4 Nb6 31. Ba2 Nbxd5 32. Nxd6 Be6 33. Ng5 Nf4 34. Nxe6 Ncxe6 35. Bxe6+ Nxe6 36. Qe5 Qe7 37. Kh2 g5 38. Kg1 h6 39. Nf5 Qd7 40. Qf6 Nf4 41. Ne7+ Kh7 42. Qf7+ 1-0

[Event "WchT (Women) 2nd"]
[Site "Ningbo"]
[Date "2009.09.08"]
[Round "6"]
[White "Goletiani, Rusudan"]
[Black "Ju, Wenjun"]
[Result "1-0"]
[WhiteElo "2391"]
[BlackElo "2443"]
[PlyCount "111"]
[EventDate "2009.09.02"]
[EventType "team-tourn"]
[EventRounds "9"]
[EventCountry "CHN"]
[SourceTitle "CBM 132 Extra"]
[Source "ChessBase"]
[SourceDate "2009.11.03"]
[SourceVersion "1"]
[SourceVersionDate "2009.11.03"]
[SourceQuality "1"]
[WhiteTeam "United States (W)"]
[BlackTeam "China (W)"]
[WhiteTeamCountry "USA"]
[BlackTeamCountry "CHN"]

1. Nf3 Nf6 2. c4 g6 3. g3 Bg7 4. Bg2 0-0 5. 0-0 d6 6. d3 Nc6 7. Nc3 e5 8. Bg5 h6 9. Bxf6 Bxf6 10. Rb1 a5 11. a3 Bg7 12. b4 axb4 13. axb4 f5 14. b5 Ne7 15. Nd2 g5 16. Qb3 Kh8 17. Ra1 Rb8 18. Ra7 f4 19. Rfa1 Nf5 20. Ra8 Nd4 21. Qd1 Rxa8 22. Rxa8 c6 23. Bh3 Nf5 24. Qb3 Qc7 25. bxc6 bxc6 26. Qb8 Qxb8 27. Rxb8 Be6 28. Rb6 Rc8 29. Nb3 Nd4 30. Bxe6 Nxe6 31. Na5 Nd8 32. Kg2 Kg8 33. Ra6 Bf8 34. Ra7 Nf7 35. Ne4 Kg7 36. Rd7 d5 37. cxd5 cxd5 38. Rxd5 Kg6 39. Nc4 Bg7 40. Rd7 Rc6 41. g4 Ra6 42. Ned6 Nxd6 43. Rxd6+ Rxd6 44. Nxd6 h5 45. h3 hxg4 46. hxg4 Bf8 47. Nc4 Kf6 48. Kf3 Bc5 49. Ke4 Bxf2 50. Nxe5 Be1 51. Kd5 Ba5 52. Nd7+ Ke7 53. Nc5 Kf6 54. Ne4+ Kg6 55. Ke6 Bb6 56. Nd2 1-0

[Event "WchT (Women) 2nd"]
[Site "Ningbo"]
[Date "2009.09.06"]
[Round "5"]
[White "Goletiani, Rusudan"]
[Black "Zhang, Xiaowen"]
[Result "0-1"]
[WhiteElo "2391"]
[BlackElo "2391"]
[PlyCount "74"]
[EventDate "2009.09.02"]
[EventType "team-tourn"]
[EventRounds "9"]
[EventCountry "CHN"]
[SourceTitle "CBM 132 Extra"]
[Source "ChessBase"]
[SourceDate "2009.11.03"]
[SourceVersion "1"]
[SourceVersionDate "2009.11.03"]
[SourceQuality "1"]
[WhiteTeam "United States (W)"]
[BlackTeam "China (W) II"]
[WhiteTeamCountry "USA"]
[BlackTeamCountry "CHN"]

1. Nf3 Nf6 2. c4 g6 3. Nc3 Bg7 4. e4 d6 5. d4 0-0 6. Be2 e5 7. 0-0 Nc6 8. d5 Ne7 9. b4 a5 10. bxa5 Rxa5 11. a4 c5 12. dxc6 bxc6 13. Ba3 c5 14. Qc2 Nc6 15. Nb5 Re8 16. Bb2 Nb4 17. Qb1 Bb7 18. Nd2 Bh6 19. Bc3 Bxd2 20. Bxd2 Bxe4 21. Qb2 d5 22. Bxb4 cxb4 23. Qxb4 d4 24. Rfd1 Bc6 25. Rab1 Ra8 26. h3 Nd7 27. f4 exf4 28. Nxd4 Rxe2 29. Nxe2 Qg5 30. g4 fxg3 31. Qd2 Qh4 32. Qf4 Qxh3 33. Qxg3 Qh5 34. Nd4 Be4 35. Ra1 Rxa4 36. Kf2 Rxc4 37. Ra3 Qxd1 0-1

[Event "WchT (Women) 2nd"]
[Site "Ningbo"]
[Date "2009.09.04"]
[Round "3"]
[White "Goletiani, Rusudan"]
[Black "Pham, Le Thao Nguyen"]
[Result "1/2-1/2"]
[WhiteElo "2391"]
[BlackElo "2301"]
[PlyCount "48"]
[EventDate "2009.09.02"]
[EventType "team-tourn"]
[EventRounds "9"]
[EventCountry "CHN"]
[SourceTitle "CBM 132 Extra"]
[Source "ChessBase"]
[SourceDate "2009.11.03"]
[SourceVersion "1"]
[SourceVersionDate "2009.11.03"]
[SourceQuality "1"]
[WhiteTeam "United States (W)"]
[BlackTeam "Vietnam (W)"]
[WhiteTeamCountry "USA"]
[BlackTeamCountry "VIE"]

1. Nf3 d5 2. c4 c6 3. g3 Nf6 4. b3 Bf5 5. Bb2 e6 6. Bg2 h6 7. 0-0 Be7 8. d3 0-0 9. Nbd2 a5 10. a3 Na6 11. Qc2 Bh7 12. Ne5 Qb6 13. Rab1 Rfd8 14. Ndf3 Rac8 15. h4 d4 16. Qd2 c5 17. Qf4 Qc7 18. e3 Bd6 19. Rbd1 Nh5 20. Qg4 Nf6 21. Qf4 Nh5 22. Qg4 Nf6 23. Qf4 Nh5 24. Qg4 Nf6 1/2-1/2

[Event "WchT (Women) 2nd"]
[Site "Ningbo"]
[Date "2009.09.02"]
[Round "1"]
[White "Dworakowska, Joanna"]
[Black "Goletiani, Rusudan"]
[Result "1/2-1/2"]
[WhiteElo "2345"]
[BlackElo "2391"]
[PlyCount "83"]
[EventDate "2009.09.02"]
[EventType "team-tourn"]
[EventRounds "9"]
[EventCountry "CHN"]
[SourceTitle "CBM 132 Extra"]
[Source "ChessBase"]
[SourceDate "2009.11.03"]
[SourceVersion "1"]
[SourceVersionDate "2009.11.03"]
[SourceQuality "1"]
[WhiteTeam "Poland (W)"]
[BlackTeam "United States (W)"]
[WhiteTeamCountry "POL"]
[BlackTeamCountry "USA"]

1. e4 c5 2. Nf3 e6 3. d4 cxd4 4. Nxd4 a6 5. Bd3 Bc5 6. Nb3 Be7 7. Qg4 Bf6 8. Qe2 Nc6 9. 0-0 Nge7 10. f4 d6 11. c4 a5 12. Na3 a4 13. Nd2 Nd4 14. Qd1 Nec6 15. Kh1 0-0 16. Ndb1 Bd7 17. Nc3 Nb4 18. Be3 Qa5 19. Bb1 Nbc6 20. e5 dxe5 21. Ne4 Be7 22. fxe5 Qxe5 23. c5 Qd5 24. Qd3 f5 25. Nc3 Qxc5 26. Rc1 Qb4 27. Nc4 Bf6 28. a3 Qe7 29. Ba2 Rad8 30. Rd1 Be8 31. Qf1 Bh5 32. Rd2 b5 33. Nb6 Qc7 34. Nbd5 exd5 35. Nxd5 Bf7 36. Qxb5 Ne5 37. Qxa4 Ng4 38. Bg1 Be5 39. Qc2 Bxh2 40. Qxc7 Bxc7 41. b4 Bf4 42. Rd3 1/2-1/2

[Event "Olympiad Women-38"]
[Site "Dresden"]
[Date "2008.11.20"]
[Round "7"]
[White "Shen, Yang"]
[Black "Goletiani, Rusudan"]
[Result "1/2-1/2"]
[WhiteElo "2450"]
[BlackElo "2359"]
[PlyCount "73"]
[EventDate "2008.11.13"]
[EventType "team-swiss"]
[EventRounds "11"]
[EventCountry "GER"]
[SourceTitle "CBM 128"]
[Source "ChessBase"]
[SourceDate "2009.01.28"]
[SourceVersion "1"]
[SourceVersionDate "2009.01.28"]
[SourceQuality "1"]
[WhiteTeam "China (W)"]
[BlackTeam "United States (W)"]
[WhiteTeamCountry "CHN"]
[BlackTeamCountry "USA"]

1. d4 Nf6 2. c4 c5 3. d5 b5 4. cxb5 a6 5. bxa6 g6 6. Nc3 Bxa6 7. e4 Bxf1 8. Kxf1 d6 9. g3 Bg7 10. Kg2 0-0 11. Nf3 Nbd7 12. h3 Qa5 13. Re1 Rfb8 14. Rb1 Ne8 15. Bd2 Nc7 16. a4 c4 17. Qe2 Qa6 18. Be3 Nb6 19. Bd4 Nxa4 20. Nxa4 Qxa4 21. Rec1 Na6 22. Rxc4 Qa2 23. Rcc1 Nc5 24. Bxg7 Kxg7 25. Qc2 Qb3 26. Nd2 Qxc2 27. Rxc2 Rb4 28. f3 Ra2 29. Kf1 f5 30. e5 Rd4 31. exd6 exd6 32. Nc4 Rxd5 33. Nxd6 Nb3 34. Nc4 Rc5 35. Kf2 Na5 36. Ne3 Rxc2+ 37. Nxc2 1/2-1/2

[Event "Olympiad Women-38"]
[Site "Dresden"]
[Date "2008.11.19"]
[Round "6"]
[White "Voicu Jagodzinsky, Carmen"]
[Black "Goletiani, Rusudan"]
[Result "0-1"]
[WhiteElo "2239"]
[BlackElo "2359"]
[PlyCount "62"]
[EventDate "2008.11.13"]
[EventType "team-swiss"]
[EventRounds "11"]
[EventCountry "GER"]
[SourceTitle "CBM 128"]
[Source "ChessBase"]
[SourceDate "2009.01.28"]
[SourceVersion "1"]
[SourceVersionDate "2009.01.28"]
[SourceQuality "1"]
[WhiteTeam "Romania (W)"]
[BlackTeam "United States (W)"]
[WhiteTeamCountry "ROU"]
[BlackTeamCountry "USA"]

1. e4 c5 2. Nf3 e6 3. d4 cxd4 4. Nxd4 a6 5. Bd3 Bc5 6. Nb3 Be7 7. Qg4 g6 8. Qe2 Nc6 9. Be3 Qc7 10. a4 b6 11. N1d2 h5 12. h3 Nf6 13. Nc4 Rb8 14. Bg5 Ne5 15. Nxe5 Qxe5 16. f4 Qxb2 17. 0-0 Bb7 18. f5 gxf5 19. exf5 Rg8 20. h4 Ng4 21. fxe6 fxe6 22. Bf5 Bxg5 23. hxg5 Rxg5 24. Bxe6 Qe5 25. Bxd7+ Kxd7 26. Qd3+ Bd5 27. Rf7+ Ke8 28. Rh7 Qh2+ 29. Kf1 Qxg2+ 30. Ke1 Re5+ 31. Kd1 Nf2+ 0-1